| 000 | 01008cab a2200301 4500 | ||
|---|---|---|---|
| 001 | WB2942-31 | ||
| 008 | 090401t1993 xxu||||| |||| 00| 0 eng d | ||
| 035 | _a(Sirsi) u67659 | ||
| 041 | _aeng | ||
| 245 | _aFrankfurt in favour | ||
| 260 | _c1993 | ||
| 350 | _a0 | ||
| 490 |
_aFinancial Times _v12 November 1993, 10(1) |
||
| 520 | _aFrankfurt, where office rents hve been falling for 18 months, is already enjoying a boost to its property market following the EC decision to locate the Europeam Monetary Institute in the city. | ||
| 650 | _aEMI | ||
| 650 | _aEUROPEAN CENTRAL BANK | ||
| 650 | _aEUROPEAN MONETARY INSTITUTE | ||
| 650 | _aFRANKFURT | ||
| 650 | _aGERMANY | ||
| 650 | _aPROPERTY-COMMERCIAL PROPERTY-OFFICE PROPERTY-OFFICE PROPERTY MARKET | ||
| 650 | _aOPEN ENDED PROPERTY FUNDS | ||
| 650 | _aPROPERTY MARKET | ||
| 650 | _aPROSPECTS | ||
| 690 | _aPROPERTY-COMMERCIAL PROPERTY-COMMERCIAL PROPERTY MARKET | ||
| 690 | _aOVERSEAS-EUROPE | ||
| 942 | _n0 | ||
| 948 | _c04/03/1997 | ||
| 999 |
_c42351 _d42351 |
||